Manuale pro benedictionibus et Processionibus SS.Sacramenti ex libris solesmensibus excerptum in recentionis musicae notu translatu

Detalles Bibliográficos
Formato: Libro
Publicado: Roma 1906
Materias:
Colección:Banco de datos
Acervo:Biblioteca Nacional de Antropología e Historia. Fondo Conventual
Tema general:Liturgia
Notas:Buena. XIII,4,7.
LEADER 00722nam a22001810004500
035 |a 11131 
036 |a 5736 
245 1 0 |a Manuale pro benedictionibus et Processionibus SS.Sacramenti ex libris solesmensibus excerptum in recentionis musicae notu translatu 
260 |a Roma  |b Sociedad de San Juan Evangelista y Desdée Lefebvre y Sociedad.  |c 1906 
500 |a Buena. XIII,4,7. 
650 1 0 |a Liturgia 
949 |a B.N.A.H. 
959 |a Biblioteca Nacional de Antropología e Historia. Ciudad de México  |b CCC1 
960 |a Seminario de Morelia  |b DD56 
961 |a Casa de formación del Clero Secular  |b CS 
942 |c B.N.A.H. 
943 |g Biblioteca Nacional de Antropología e Historia. Fondo Conventual 
999 |c 1035663  |d 1035663